UBT Library

Environmental particles / (Record no. 41610)

000 -LEADER
fixed length control field 00851cam a2200241 a 4500
001 - CONTROL NUMBER
control field 2488352
005 - DATE AND TIME OF LATEST TRANSACTION
control field 20180202044223.0
008 - FIXED-LENGTH DATA ELEMENTS--GENERAL INFORMATION
fixed length control field 910911m19921993flua b 001 0 eng
010 ## - LIBRARY OF CONGRESS CONTROL NUMBER
LC control number 91035911
020 ## - INTERNATIONAL STANDARD BOOK NUMBER
International Standard Book Number 0873715896 :
Terms of availability $65.00 (est.: v. 1)
020 ## - INTERNATIONAL STANDARD BOOK NUMBER
International Standard Book Number 087371895X (v. 2 : acidfree paper)
040 ## - CATALOGING SOURCE
Original cataloging agency DLC
Transcribing agency DLC
Modifying agency DLC
041 ## - LANGUAGE CODE
Language code of text/sound track or separate title eng
080 ## - UNIVERSAL DECIMAL CLASSIFICATION NUMBER
Universal Decimal Classification number 551.304 BUF
082 00 - DEWEY DECIMAL CLASSIFICATION NUMBER
Classification number 551.304 BUF
Edition number 20
100 ## - Rafti
Rafti 9
101 ## - Shkurtesa
Shkurtesa MJE
245 00 - TITLE STATEMENT
Title Environmental particles /
Statement of responsibility, etc volume editors, Jacques Buffle, Herman P. van Leeuwen.
504 ## - BIBLIOGRAPHY, ETC. NOTE
Bibliography, etc Includes bibliographical references and index.
906 ## - LOCAL DATA ELEMENT F, LDF (RLIN)
a 7
b cbc
c orignew
d 1
e ocip
f 19
g y-gencatlg
942 ## - ADDED ENTRY ELEMENTS (KOHA)
Source of classification or shelving scheme
Item type Books
Holdings
Withdrawn status Lost status Source of classification or shelving scheme Damaged status Not for loan Collection code Permanent location Current location Shelving location Date acquired Total Checkouts Full call number Barcode Date last seen Price effective from Koha item type
          Koleksioni i përgjithshem UBT - Lipjan UBT - Lipjan Koleksioni i përgjithshem 02/02/2018   551.304 BUF 002-2997468 02/02/2018 02/02/2018 Books
UBT Library © 2015-2024. All rights reserved University Education for Business and Technology